Statistics for Billboard Top 100 2018

Click here to take the quiz!

General Stats

  • This quiz has been taken 12 times
  • The average score is 43 of 100

Answer Stats

NumberArtistSong% Correct
4Camila Cabello ft Young ThugHavana
100%
100Imagine DragonsBeliever
80%
10Maroon 5 ft Cardi BGirls Like You
80%
1DrakeGod's Plan
80%
7Cardi B, Bad Bunny, & J BalvinI Like It
80%
3Bebe Rexha & Florida Georgia LineMeant To Be
80%
16Dua LipaNew Rules
80%
2Ed SheeranPerfect
80%
5Post Malone ft 21 SavageRockstar
80%
22Imagine DragonsThunder
80%
14Bruno Mars & Cardi BFinesse
70%
80Marshmello & BastilleHappier
70%
35LauvI Like Me Better
70%
9DrakeIn My Feelings
70%
8Zedd, Maren Morris, & GreyThe Middle
70%
51Childish GambinoThis Is America
70%
54Cardi BBodak Yellow (Money Moves)
60%
33Portugal. The ManFeel It Still
60%
44Lil PumpGucci Gang
60%
12Juice WRLDLucid Dreams
60%
20Ariana GrandeNo Tears Left To Cry
60%
68Calvin Harris & Dua LipaOne Kiss
60%
71Ed SheeranShape Of You
60%
42Travis ScottSicko Mode
60%
32Dan + ShayTequila
60%
60Selena Gomez x MarshmelloWolves
60%
47Kendrick Lamar & SZAAll The Stars
50%
13Post MaloneBetter Now
50%
15Ella MaiBoo'd Up
50%
24Taylor SwiftDelicate
50%
77benny blanco, Halsey, & KhalidEastside
50%
316ix9ine ft Nicki Minaj & Murda BeatzFEFE
50%
26Marshmello & Anne-MarieFriends
50%
62Ariana GrandeGod Is A Woman
50%
45G-Eazy & HalseyHim & I
50%
66MAX ft gnashLights Down Low
50%
50Kendrick Lamar ft ZacariLove.
50%
19Khalid & NormaniLove Lies
50%
99J Balvin & Willy William ft BeyonceMi Gente
50%
21BazziMine
50%
34Migos, Nicki Minaj, & Cardi BMotorSport
50%
40The Weeknd & Kendrick LamarPray For Me
50%
6Post Malone ft Ty Dolla $ignPsycho
50%
17XXXTENTACIONSad!
50%
365 Seconds Of SummerYoungblood
50%
84Logic ft Alessia Cara & Khalid1-800-273-8255
40%
27HalseyBad At Love
40%
61Cardi B ft 21 SavageBartier Cardi
40%
59Cardi BBe Careful
40%
78The WeekndCall Out My Name
40%
94XXXTENTACIONChanges
40%
55Lil Dicky ft Chris BrownFreaky Friday
40%
46Shawn MendesIn My Blood
40%
83N*E*R*D & RihannaLemon
40%
29NFLet You Down
40%
23BlocBoy JB ft DrakeLook Alive
40%
69Imagine DragonsNatural
40%
18Camila CabelloNever Be The Same
40%
11DrakeNice For What
40%
73DJ Khaled ft Justin Bieber, Chance The Rapper, & QuavoNo Brainer
40%
64Demi LovatoSorry Not Sorry
40%
49Sam SmithToo Good At Goodbyes
40%
92Ella MaiTrip
40%
37Imagine DragonsWhatever It Takes
40%
89Maroon 5 ft SZAWhat Lovers Do
40%
41Selena GomezBack To You
30%
65Charlie PuthHow Long
30%
98Dua LipaIDGAF
30%
88XXXTENTACIONMoonlight
30%
30G-Eazy ft A$AP Rocky & Cardi BNo Limit
30%
74A$AP Ferg ft Nicki MinajPlain Jane
30%
38Offset & Metro BoominRic Flair Drip
30%
85Justin Timberlake ft Chris StapletonSay Something
30%
48MigosStir Fry
30%
28Tyga ft OffsetTaste
30%
58Maroon 5Wait
30%
90Nicky Jam x J BalvinX
30%
67KhalidYoung Dumb & Broke
30%
63YG ft 2 Chainz, Big Sean, & Nicki MinajBig Bank
20%
93Daddy YankeeDura
20%
566ix9ineGummo
20%
39Post MaloneI Fall Apart
20%
86DrakeI'm Upset
20%
95Brett YoungMercy
20%
52DrakeNonstop
20%
57Rich The KidPlug Walk
20%
97Rae Sremmurd & Juicy JPowerglide
20%
75Miguel ft Travis ScottSky Walker
20%
43Migos ft DrakeWalk It Talk It
20%
25Lil Baby & DrakeYes Indeed
20%
87Kenny ChesneyGet Along
10%
53Kane BrownHeaven
10%
72Gucci Mane ft MigosI Get The Bag
10%
79Jay Rock, Kendrick Lamar, Future, & James BlakeKing's Dead
10%
76Thomas RhettMarry Me
10%
96Luke CombsOne Number Away
10%
91YoungBoy Never Broke AgainOutside Today
10%
82Florida Georgia LineSimple
10%
81Casper Magico, Nio Garcia, Darell, Nicky Jam, Ozuna, Bad BunnyTe Bote
10%
70Jason AldeanYou Make It Easy
10%

Score Distribution

Percentile by Number Answered

Percent of People with Each Score

Your Score History

You have not taken this quiz